| 000 | 00530nam a2200169 i 4500 | ||
|---|---|---|---|
| 001 | 49457 | ||
| 003 | ES-MaACL | ||
| 005 | 20230906161952.0 | ||
| 007 | t| | ||
| 008 | 030716s1971 sp ||||1| spa d | ||
| 100 | 1 |
_aCosnier, Nicolette. _941002 |
|
| 245 | 1 | 0 |
_aPromenade á travers la France _b: cours de langue et civilisation française / _cpor Colette Cosnier, Pierre Roudi. |
| 260 |
_aMadrid : _bAlhambra, _c[1971] |
||
| 300 |
_a293 p. ; _c21 cm. |
||
| 700 | 1 |
_aRoudi, Pierre. _9100010 |
|
| 852 |
_aES-MaACL _jC-41490 _bR.79725 |
||
| 999 |
_c49457 _d49457 |
||